80-90s UK and Ireland bands & cities 2 - Statistics

General Stats
  • This quiz has been taken 20 times
  • The average score is 11 of 22
Answer Stats
Hint Answer % Correct
U2 Dublin
88%
East 17 London
75%
Duran Duran Birmingham
69%
Texas Glasgow
69%
Echo & the Bunnymen Liverpool
69%
the Smiths Manchester
69%
Joy Division Manchester
69%
Portishead Bristol
63%
Madness London
63%
Artic Monkeys Sheffield
63%
Blur London
56%
Super Furry Animals Cardiff
50%
Primal Scream Glasgow
44%
Coldplay London
44%
Elbow Manchester
44%
the Jam Woking (Surrey)
38%
Prodigy Braintree (Essex)
31%
Sham 69 Hersham (Surrey)
25%
Elastica London
25%
the Smears Nottingham
25%
Ajah UK Manchester
19%
Soft Cell Leeds
13%
No matching quizzes found
Score Distribution
Percent of People with Each Score
Percentile by Number Answered
Your Score History
You have not taken this quiz